Topografía moderna
| Main Authors: | , |
|---|---|
| Format: | Section = Libro |
| Language: | Undetermined Spanish |
| Published: |
México
Harla
1977
|
| Edition: | 6a.ed |
| Subjects: |
| LEADER | 00559nam a2200229Ia 4500 | ||
|---|---|---|---|
| 008 | 240830s9999 xx 000 0 und d | ||
| 020 | |a 968-6034-15-3 | ||
| 040 | |a B-ESTELÍ- RUACS / 526.9 B858 | ||
| 041 | |a spa | ||
| 082 | |a 526.9 B858 | ||
| 100 | 1 | |a Brinker, Russell C. | |
| 100 | 1 | |b Wold, Paul R. | |
| 245 | 1 | 0 | |a Topografía moderna |
| 250 | |a 6a.ed | ||
| 260 | |a México |b Harla |c 1977 | ||
| 300 | |a 542 p. : il | ||
| 650 | 7 | |a TOPOGRAFIA | |
| 650 | 7 | |b INGENIERÍA-INSTRUMENTOS | |
| 650 | 7 | |c MEDICION | |
| 942 | |c BK |2 ddc | ||
| 991 | |a TEXTO | ||
| 999 | |c 10986 | ||